000 00548nam a2200217Ia 4500
003 OSt
005 20220928135526.0
006 a|||||r|||| 00| 0
007 ta
008 220927b |||||||| |||| 00| 0 eng d
024 _a2787
037 _cTextual
040 _aSDCL
_cSDCL
_beng
041 _2eng
_aeng
082 _aX:514:(Z2), P2
100 _aIyer's T S Venkatesa
_9491221
245 0 _aSale of goods act,1930
260 _c2002
942 _hX:514:(Z2), P2
_cTEXL
_2CC
999 _c806596
_d806596